Quetzalcóatl (notice nᵒ 9387)
[ vue normale ]
| 000 -Sello discográfico | |
|---|---|
| campo de control de longitud fija | 01244nam a2200397 4500 |
| 005 - Identificación de versión | |
| campo de control | 20251016085159.0 |
| 035 ## - Otros números de control del sistema | |
| Número de control del sistema | 6373 |
| 099 ## - fechas locales | |
| Tipo de ítem Koha | LIBRO |
| 100 ## - Datos de procesamiento general | |
| Datos de procesamiento general | 20030725d1963 m y1spay5003 ba |
| 105 ## - Campo de datos codificados: Material textual, monográfico | |
| Datos codificados de monografía | a 001zy |
| 200 1# - Título y mención de responsabilidad | |
| Título propio | Quetzalcóatl |
| Designación general del material | texto impreso |
| Otra información del título | ensayo psicoanalítico del mito nahua |
| Primer mención de responsabilidad | Fernando Díaz Infante |
| Declaración de responsabilidad subsiguiente | prólogo de Angel María Garibay K |
| 210 ## - Publicación, distribución, etc. | |
| Lugar de publicación, distribución, etc. | México |
| Nombre del editor, distribuidor, etc. | Universidad Veracruzana |
| Fecha de publicación, distribución, etc. | 1963 |
| 215 ## - Descripción física | |
| Designación de material específico y extensión del ítem | 93 p |
| Otras características físicas | il. |
| Dimensiones | 28 cm |
| 318 ## - Nota de acción | |
| Acción | No se presta a domicilio |
| 327 1# - Nota de contenidos | |
| Texto de la nota | Con 29 grabados del autor |
| 345 ## - Nota de información de adquisición | |
| Fuente de adquisición/dirección de la suscripción [OBSOLETO] | Donación |
| 410 #1 - Series | |
| Título | Cuadernos de la Facultad de Filosofía, Letras y Ciencias |
| Número de volumen | 18 |
| 600 ## - Nombre personal usado como materia | |
| Elemento de entrada | Quetzalcóatl (Deidad azteca) |
| Número Koha | 2147 |
| 606 ## - Término temático usado como materia | |
| Elemento de entrada | Edipo, Complejo de |
| Número Koha | 15795 |
| 606 ## - Término temático usado como materia | |
| Elemento de entrada | Indios de México |
| Subdivisión temática | Psicología |
| Número Koha | 15796 |
| 660 ## - Código de área geográfica | |
| Código | MX |
| 676 ## - Clasificación Decimal Dewey | |
| Número | R970.1 D542q |
| 700 ## - Nombre personal - Responsabilidad primaria | |
| Elemento de entrada | Díaz Infante |
| Parte del nombre distinta del elemento de entrada | Fernando |
| Número Koha | 2149 |
| 702 ## - Nombre personal - Responsabilidad secundaria | |
| Elemento de entrada | Garibay Kintana |
| Parte del nombre distinta del elemento de entrada | Angel María |
| Fechas | 1892-1967 |
| Número Koha | 1933 |
| 801 #0 - Fuente de origen | |
| País | FR |
| Agencia | cm |
| Reglas de catalogación (convenciones descriptivas) | AFNOR |
| 900 ## - | |
| -- | 1/3970 |
| 900 ## - | |
| -- | 7100315717\250703 |
| 942 ## - ELEMENTOS DE ENTRADA SECUNDARIOS (KOHA) | |
| Tipo de ítem Koha | Livre |
Pas d'exemplaire disponible.